| 000 | 02151cam a2200541 a 4500 | ||
|---|---|---|---|
| 001 | 20943 | ||
| 003 | VRT | ||
| 005 | 20260207111031.0 | ||
| 008 | 230403s1948 xo 000 d slo c | ||
| 015 | _aSNBA19451955-012817 | ||
| 035 | _aSK01SNKBKSFS20020095256 | ||
| 035 | _aurn:nbn:sk:snk-am3htfy | ||
| 035 | _a634DEA8B-9BF0-4511-B3DD-B69F92C31571 | ||
| 035 | _aurn:nbn:sk:snk-am00d8oq | ||
| 035 | _aSKM000097719 | ||
| 039 | 9 |
_a202304032103 _bVLOAD _c202212050958 _dVLOAD _c202205120837 _dVLOAD _c202108061508 _dmsvkbb06 |
|
| 040 |
_aSNK _bslo _cSNK _eAACR2 |
||
| 041 | 1 |
_aslo _hrus |
|
| 044 |
_axo _cSK |
||
| 072 | 7 |
_a821.161.1 _xRuská literatúra _2konspekt |
|
| 080 |
_a821.161.1-2 _22011 |
||
| 080 |
_a(0:82-22) _22011 |
||
| 100 | 1 |
_aTurgenev, Ivan Sergejevič, _d1818-1883 _4aut |
|
| 240 | 1 | 0 |
_aMesjac v derevne _lSlovensky |
| 245 | 1 | 0 |
_aMesiac na dedine _bkomédia v piatich dejstvách _cIvan Sergejevič Turgenev ; [preklad Karol Podolinský] |
| 260 |
_aTurčiansky Sv. Martin _bÚstredie slovenských ochotníckych divadiel _c1948 _eTurčiansky Sv. Martin _fNeografia |
||
| 300 |
_a172, [1] s. _c20 cm |
||
| 490 | 1 |
_aJavisko _vsv. 21 |
|
| 500 | _aPreložené z ruštiny | ||
| 655 | 7 |
_adivadelné komédie _2SNKPH |
|
| 655 | 7 |
_aruské drámy _2SNKPH |
|
| 655 | 7 |
_aComedies _2SNKPHeng |
|
| 655 | 7 |
_aRussian drama _2SNKPHeng |
|
| 700 | 1 |
_aPodolinský, Karol, _d1903-1998 _4trl |
|
| 700 | 1 |
_aRampák, Zoltán, _d1920-1998 _4edt |
|
| 830 | 0 | _aJavisko | |
| 910 | _asnk | ||
| 942 |
_2ddc _cKLDO _n0 |
||
| 949 |
_6270001000607194 _asvkbbS 49354 _bsvkbbm 40314 |
||
| 949 |
_6270001000607192 _asvkbbS 49355 _bsvkbbm 62771 _pProveniencia: Peč.: Krajská ľudová knižnica Banská Bystrica |
||
| 949 |
_6273K0227133 _asvkpoA 53693 _bsvkpo124278 |
||
| 949 |
_6273K0224907 _asvkpoA 54865 _bsvkpo127243 |
||
| 949 |
_617A0654527 _asnkSD 4951/21 D3 _bsnkD 77/64 _qrekatalogizácia |
||
| 949 |
_617A0304159 _asnkSD 4951/21 D1 _bsnkKSD 102/59 |
||
| 949 |
_617A0358538 _asnkSD 4951/21 D2 _bsnkF 5761/62 |
||
| 949 |
_617A0908187 _asnkSD 4951/21 _bsnk3326/48 _oI. 83/48 - druhé evidenčné číslo _s6100:20180703 |
||
| 999 |
_c20943 _d20943 |
||